<?xml version='1.0' encoding='UTF-8'?>
  <record xmlns="http://www.loc.gov/MARC21/slim">
    <leader>00000nam a22000007i 4500</leader>
    <controlfield tag="001">ocn974139197</controlfield>
    <controlfield tag="003">OCoLC</controlfield>
    <controlfield tag="005">20250414083835.3</controlfield>
    <controlfield tag="008">130131s1730    ne            000 0 dut d</controlfield>
    <datafield tag="040" ind1=" " ind2=" ">
      <subfield code="a">QGJ</subfield>
      <subfield code="b">dut</subfield>
      <subfield code="c">QGJ</subfield>
      <subfield code="d">OCLCO</subfield>
      <subfield code="d">OCLCL</subfield>
      <subfield code="d">OCLCQ</subfield>
    </datafield>
    <datafield tag="035" ind1=" " ind2=" ">
      <subfield code="a">(OCoLC)974139197</subfield>
    </datafield>
    <datafield tag="041" ind1="0" ind2=" ">
      <subfield code="a">dut</subfield>
      <subfield code="a">fre</subfield>
    </datafield>
    <datafield tag="100" ind1="1" ind2=" ">
      <subfield code="a">Leth, Hendrik de,</subfield>
      <subfield code="d">1703-1766.</subfield>
      <subfield code="1">https://id.oclc.org/worldcat/entity/E39PBJhxrDHvwJwpccY3rTrrMP</subfield>
    </datafield>
    <datafield tag="245" ind1="1" ind2="4">
      <subfield code="a">Het oud adelyk huys en ridderhofstad Ter Meer, toebehoorende aan den Hoogweledelgeboren Heere Vincent Maximilaan, baron van Lockhorst, heere van ter Meer, Maarsen ... =</subfield>
      <subfield code="b">L'ancien &amp; noble chateau de Ter Meer, appartenant à Noble Seigneur Monsieur Vicent Maximilien, baron de Lockhorst ... /</subfield>
      <subfield code="c">getekent in 't koper gebragt en uyt gegeven door Hend. de Leth.</subfield>
    </datafield>
    <datafield tag="246" ind1="1" ind2=" ">
      <subfield code="a">ancien &amp; noble chateau de Ter Meer, appartenant à Noble Seigneur Monsieur Vicent Maximilien, baron de Lockhorst ...</subfield>
    </datafield>
    <datafield tag="264" ind1=" " ind2="1">
      <subfield code="a">[Amsterdam] :</subfield>
      <subfield code="b">[Hendrik de Leth],</subfield>
      <subfield code="c">[ca. 1730]</subfield>
    </datafield>
    <datafield tag="300" ind1=" " ind2=" ">
      <subfield code="a">26 bl. pl.) :</subfield>
      <subfield code="b">ill. ;</subfield>
      <subfield code="c">21 x 24 cm (oblong)</subfield>
    </datafield>
    <datafield tag="336" ind1=" " ind2=" ">
      <subfield code="a">tekst</subfield>
      <subfield code="b">txt</subfield>
      <subfield code="2">rdacontent/dut</subfield>
    </datafield>
    <datafield tag="337" ind1=" " ind2=" ">
      <subfield code="a">zonder medium</subfield>
      <subfield code="b">n</subfield>
      <subfield code="2">rdamedia/dut</subfield>
    </datafield>
    <datafield tag="338" ind1=" " ind2=" ">
      <subfield code="a">band</subfield>
      <subfield code="b">nc</subfield>
      <subfield code="2">rdacarrier/dut</subfield>
    </datafield>
    <datafield tag="500" ind1=" " ind2=" ">
      <subfield code="a">Datering: 2de kwart 18de eeuw, waarschijnlijk vóór 1740, sterfjaar van Vincent Maximiliaan van Lockhorst.</subfield>
    </datafield>
    <datafield tag="562" ind1=" " ind2=" ">
      <subfield code="a">ex. T oct 561: gebonden tussen pl. 10 en 11 van: De zegepraalende Vecht, vertoonende verscheidene gesichten van lustplaatsen, heeren huysen en dorpen, beginnende van Uitrecht en met Muyden besluytende. - T'Amsteldam : by de Wed. Nicolaus Visscher, 1719.</subfield>
      <subfield code="5">NL-UtRU</subfield>
    </datafield>
    <datafield tag="500" ind1=" " ind2=" ">
      <subfield code="a">Illustrations: diepdruk / intaglio printing).</subfield>
    </datafield>
    <datafield tag="530" ind1=" " ind2=" ">
      <subfield code="a">Also available in online version.</subfield>
    </datafield>
    <datafield tag="776" ind1="0" ind2="8">
      <subfield code="i">Online version:</subfield>
      <subfield code="a">Leth, Hendrik de,</subfield>
      <subfield code="t">Het oud adelyk huys en ridderhofstad Ter Meer, toebehoorende aan den Hoogweledelgeboren Heere Vincent Maximilaan, baron van Lockhorst, heere van ter Meer, Maarsen ... =</subfield>
      <subfield code="d">[Amsterdam] : [Hendrik de Leth], [ca. 1730]</subfield>
    </datafield>
    <datafield tag="856" ind1="4" ind2="1">
      <subfield code="u">http://objects.library.uu.nl/reader/resolver.php?obj=002465977&amp;type=2</subfield>
      <subfield code="x">Online</subfield>
      <subfield code="z">Full text</subfield>
    </datafield>
    <datafield tag="936" ind1=" " ind2=" ">
      <subfield code="a">BATCHLOAD</subfield>
    </datafield>
  </record>